[Event "European Hybrid Swiss TB"]
[Site "Tornelo INT"]
[Date "2021.05.30"]
[Round "9.12"]
[White "Zvjaginsev, Vadim"]
[Black "Gabuzyan, Hovhannes"]
[Result "1-0"]
[WhiteTitle "GM"]
[BlackTitle "GM"]
[WhiteElo "2614"]
[BlackElo "2590"]
[WhiteFideId "4113403"]
[BlackFideId "13303732"]
[EventDate "2021.05.30"]

1. Nf3 c5 2. g3 g6 3. Bg2 Bg7 4. O-O Nc6 5. c3 e5 6. e4 Nge7 7. d3 O-O 8. a3 d5
9. b4 dxe4 10. dxe4 Qc7 11. Be3 Rd8 12. Nbd2 cxb4 13. axb4 b6 14. Re1 h6 15. Bf1
Be6 16. Qa4 a5 17. b5 Nb8 18. Bc4 Bxc4 19. Qxc4 Qb7 20. Qa2 Nd7 21. Nc4 Qc7 22.
Red1 Nc5 23. h4 Rac8 24. Rxd8+ Rxd8 25. Qa3 Rc8 26. Bxc5 Qxc5 27. Qxc5 Rxc5 28.
Nxb6 Rxb5 29. Na4 Nc6 30. Nd2 f5 31. f3 Kf7 32. Nc4 Ke6 33. g4 f4 34. Kf2 Bf8
35. Ke2 Rb8 36. Rd1 Be7 37. Rd5 Ra8 38. h5 gxh5 39. gxh5 Ra7 40. Rb5 Ra6 41. Rb7
Nd8 42. Rb8 Rc6 43. Nxa5 Ra6 44. Rb5 Bd6 45. c4 Nc6 46. Nxc6 Rxa4 47. c5 Ra2+
48. Kf1 Bc7 49. Rb7 Kd7 50. Nb4 Ra1+ 51. Kg2 Kc8 52. c6 Rc1 53. Kh3 Bd6 54. Kg4
Bxb4 55. Rxb4 Kc7 56. Kf5 Rc3 57. Kxe5 Rxf3 58. Rb7+ Kxc6 59. Rh7 Rf1 60. Rxh6+
Kd7 61. Rh7+ Kd8 62. Rf7 f3 63. Ke6 Ke8 64. Rg7 Kf8 65. Rg3 f2 66. Rg2 Ra1 67.
Rxf2+ Ke8 68. Rf6 Rh1 69. h6 Rh5 70. e5 Rh1 71. Rg6 Kf8 72. Kd7 Rd1+ 73. Rd6 Re1
74. e6 1-0

[Event "European Hybrid Swiss TB"]
[Site "Tornelo INT"]
[Date "2021.05.30"]
[Round "9.13"]
[White "Savchenko, Boris"]
[Black "Lupulescu, Constantin"]
[Result "1-0"]
[WhiteTitle "GM"]
[BlackTitle "GM"]
[WhiteElo "2538"]
[BlackElo "2656"]
[WhiteFideId "4147332"]
[BlackFideId "1207822"]
[EventDate "2021.05.30"]

1. e4 c5 2. Nf3 Nc6 3. d4 cxd4 4. Nxd4 Nf6 5. Nc3 d6 6. Bg5 e6 7. Qd2 a6 8.
O-O-O Bd7 9. f3 Nxd4 10. Qxd4 Be7 11. h4 Qc7 12. g4 h5 13. gxh5 Rxh5 14. f4 Bc6
15. Rh3 O-O-O 16. a4 d5 17. e5 Ne4 18. Nb5 axb5 19. Bxe7 Qxe7 20. axb5 Bxb5 21.
Bxb5 Kb8 22. b4 Rxh4 23. Ra3 Kc7 24. Ra6 Rb8 25. Qa7 Rc8 26. Rc6+ Kd8 27. Qa5+ 1-0

[Event "European Hybrid Swiss TB"]
[Site "Tornelo INT"]
[Date "2021.05.30"]
[Round "9.14"]
[White "Teclaf, Pawel"]
[Black "Anton Guijarro, David"]
[Result "1/2-1/2"]
[WhiteTitle "IM"]
[BlackTitle "GM"]
[WhiteElo "2502"]
[BlackElo "2673"]
[WhiteFideId "1185934"]
[BlackFideId "2285525"]
[EventDate "2021.05.30"]

1. e4 c6 2. d4 d5 3. f3 e6 4. Nc3 Bb4 5. Bd2 a5 6. a3 Bxc3 7. Bxc3 b6 8. Nh3 Ba6
9. Bxa6 Nxa6 10. O-O Nf6 11. e5 Nd7 12. f4 g6 13. Qg4 c5 14. Ng5 Qe7 15. Be1 h6
16. Nf3 f5 17. Qxg6+ Qf7 18. Qxf7+ Kxf7 19. Rd1 Rac8 20. c4 Nc7 21. dxc5 Nxc5
22. Bf2 Rb8 23. Nd4 dxc4 24. Nc6 Nd3 25. Nxb8 Rxb8 26. b3 b5 27. a4 Nd5 28. Ba7
Rb7 29. Bd4 N3xf4 30. bxc4 bxc4 31. Rf2 Rb4 32. Rc2 Rxa4 33. Ra1 Rb4 34. g3 Nd3
35. Kf1 a4 36. Ke2 Kg6 37. Rca2 Rb3 38. Rxa4 Nxe5 39. Bxe5 Re3+ 40. Kf2 Rxe5 41.
Rxc4 Nf6 1/2-1/2

[Event "European Hybrid Swiss TB"]
[Site "Tornelo INT"]
[Date "2021.05.30"]
[Round "9.15"]
[White "Yilmaz, Mustafa"]
[Black "Can, Emre"]
[Result "1/2-1/2"]
[WhiteTitle "GM"]
[BlackTitle "GM"]
[WhiteElo "2630"]
[BlackElo "2569"]
[WhiteFideId "6302718"]
[BlackFideId "6302181"]
[EventDate "2021.05.30"]

1. d4 Nf6 2. c4 b6 3. Nc3 Bb7 4. Qc2 d5 5. cxd5 Nxd5 6. Nf3 g6 7. e4 Nxc3 8.
bxc3 Bg7 9. Bb5+ c6 10. Bd3 O-O 11. O-O 1/2-1/2

[Event "European Hybrid Swiss TB"]
[Site "Tornelo INT"]
[Date "2021.05.30"]
[Round "9.16"]
[White "Krasenkow, Michal"]
[Black "Paichadze, Luka"]
[Result "1-0"]
[WhiteTitle "GM"]
[BlackTitle "GM"]
[WhiteElo "2597"]
[BlackElo "2565"]
[WhiteFideId "1113100"]
[BlackFideId "13602934"]
[EventDate "2021.05.30"]

1. d4 Nf6 2. c4 e6 3. Nf3 Bb4+ 4. Nbd2 b6 5. a3 Bxd2+ 6. Bxd2 Bb7 7. Bg5 d6 8.
e3 Nbd7 9. Qc2 O-O 10. Bd3 Qe8 11. O-O-O d5 12. Ne5 dxc4 13. Nxc4 h6 14. Bh4 b5
15. Ne5 b4 16. a4 Nxe5 17. dxe5 Nd5 18. e4 Nf4 19. Bb5 c6 20. Bc4 c5 21. Rd6 Ng6
22. Bg3 Ne7 23. f4 Nc6 24. Bf2 Nd4 25. Bxd4 cxd4 26. Bb5 Qb8 27. Rxd4 a6 28. Bd7
Qa7 29. Rhd1 Qb6 30. Kb1 Rfd8 31. f5 b3 32. Qd3 Qc5 33. fxe6 Qxe5 34. exf7+ Kf8
35. Bf5 Rxd4 36. Qxd4 Qxd4 37. Rxd4 Bc6 38. Rc4 Bb7 39. Rc7 Rb8 40. e5 Bd5 41.
e6 g6 42. Bh3 h5 43. Kc1 Be4 44. Kd2 g5 45. Ke3 Bg6 46. g3 g4 47. Bg2 Rd8 48.
e7+ 1-0

[Event "European Hybrid Swiss TB"]
[Site "Tornelo INT"]
[Date "2021.05.30"]
[Round "9.17"]
[White "Martinovic, Sasa"]
[Black "Afanasiev, Nikita"]
[Result "1-0"]
[WhiteTitle "GM"]
[BlackTitle "GM"]
[WhiteElo "2548"]
[BlackElo "2522"]
[WhiteFideId "14509792"]
[BlackFideId "24183555"]
[EventDate "2021.05.30"]

1. d4 d5 2. c4 dxc4 3. Nf3 Nf6 4. e3 e6 5. Bxc4 a6 6. O-O Nbd7 7. Re1 c5 8. e4
b5 9. Bf1 cxd4 10. e5 Nd5 11. Nxd4 Bc5 12. Nc3 Bb7 13. Ne4 Be7 14. Qg4 Nxe5 15.
Qxg7 Ng6 16. Ng5 Bxg5 17. Nxe6 fxe6 18. Rxe6+ Be7 19. Rxg6 hxg6 20. Qxh8+ Kd7
21. Qh3+ Kc7 22. Bd2 Kb8 23. Rc1 Bg5 24. Qg3+ Bf4 25. Bxf4+ Nxf4 26. Qxf4+ Ka7
27. Rc7 Rc8 28. Qe3+ Ka8 29. Rg7 Qf6 30. Rh7 Qc6 31. h4 Re8 32. Re7 Rd8 33. Re6
Qd5 34. a3 Qd7 35. Rxg6 Re8 36. Qg5 Qf7 37. Rg7 Qe6 38. h5 Rc8 39. h6 1-0